Sports Quiz

Random Sports or Hockey Quiz

New Jersey Devils: Career PIM Leaders Quiz Stats

 Plays Quiz not verified by Sporcle

Score 0/10 Timer 05:00
0 Plays Today
PIM Player Name % Correct
1007Scott Stevens
98.1%
2516Ken Daneyko
94.4%
1168John MacLean
64.8%
863Bobby Holik
63%
1418Randy McKay
59.3%
848Colin White
59.3%
943Pat Verbeek
53.7%
724Krzysztof Oliwa
44.4%
886Joe Cirella
16.7%
683David Maley
9.3%

You're not logged in!

Compare scores with friends on all Sporcle quizzes.
OR
Log In

Show Comments

Extras

Top Quizzes Today


Score Distribution

Your Account Isn't Verified!

In order to create a playlist on Sporcle, you need to verify the email address you used during registration. Go to your Sporcle Settings to finish the process.

Report this User

Report this user for behavior that violates our Community Guidelines.

Details: